000 00667nam a2200277Ia 4500
005 20260324144835.0
008 008 260324s9999 xx 000 0 eng d
020 _a9780203087749
037 _aEBOOK
040 _aCRL
040 _beng
040 _cCRL
041 _2eng
041 _aeng
084 _qCRL
100 _a JENNIFER DALE; PEGGY FOSTER
_91220803
245 0 _aFeminists and State Welfare (RLE Feminist Theory)
260 _bTaylor and Francis
260 _c1986
365 _a
365 _b180
856 _uhttp://www.taylorfrancis.com/books/9780203087749
942 _cEBOOK
999 _c1827920
_d1827920